000 00282nam a22001337a 4500
008 170930b xxu||||| |||| 00| 0 eng d
020 _a9780671850142
041 _aeng
080 _a37
100 _a47
101 _aEDU
245 _aDESK REFERENCE
_cFARGIS, P
942 _2udc
_cBK
999 _c30971
_d30971